Born in Michigan Quiz Stats

 Plays Quiz Updated Jun 23, 2013

Also try: Born in New York
Challenge
Share
Tweet
Score 0/20 Timer 04:00
0 Plays Today
% Correct
5.Serena Williams
89.9%
15.Stevie Wonder
88.5%
1.Madonna
87.3%
17.Kid Rock
81.1%
20.Mitt Romney
79.5%
11.Tom Selleck
77.7%
16.Earvin 'Magic' Johnson
73.3%
2.Michael Moore
70.8%
12.Diana Ross
64.9%
4.Taylor Lautner
55.7%
% Correct
19.Steven Seagal
54.9%
8.Iggy Pop
52.7%
3.Lily Tomlin
52.6%
10.Jack White
51.3%
9.Christie Brinkley
47.2%
7.Kristen Bell
43.4%
13.Henry Ford
40.8%
6.Anthony Kiedis
29.6%
14.Ellen Burstyn
14.7%
18.Elaine Stritch
9.1%

You're not logged in!

Compare scores with friends on all Sporcle quizzes.
Join for Free
OR
Log In

You Might Also Like...

Show Comments

Extras

Top Quizzes Today


Score Distribution

Your Account Isn't Verified!

In order to create a playlist on Sporcle, you need to verify the email address you used during registration. Go to your Sporcle Settings to finish the process.

Report this User

Report this user for behavior that violates our Community Guidelines.

Details: